书目信息

书名: 中国老茶具图鉴 
作者:
出版信息: 北京   中国轻工业出版社  2006
开本页数: 24cm  182页
丛书名: 品茶馆
单 册:
中图分类: K87
科图分类:
主题词: 茶具--鉴赏--中国--古代--图集
电子资源:
ISBN: 7-5019-5458-5
000 00806oam2 2200265 450
001 462
005 20060728164454.0
010    @a7-5019-5458-5@dCNY48.00
100    @a20060725d2006 em y0chiy0110 ea
101 @achi
102    @aCN@b110000
105    @aa z 000yy
106    @ar
200 @a中国老茶具图鉴@Azhong guo lao cha ju tu jian@dOld tea service@zeng
210    @a 北京@c中国轻工业出版社@d2006
215    @a182页@c图@d24cm
225 @a品茶馆
300    @a读图时代
330    @a本书内容包括兼而用之的早期茶具、煮饮时代的唐代茶具、点茶时代的宋代茶具、过渡时期的元代茶具、散茶瀹泡与明清茶具和附录茶具图片欣赏。
461  0 @12001 @a品茶馆
510 @aOld tea service@zeng
606 @a茶具@x鉴赏@y中国@z古代@j图集
690    @aK87@v4
801  0 @aCN@bZL@c20060725
905    @dK87@e8
    
    中国老茶具图鉴=Old tea service.- 北京:中国轻工业出版社,2006
    182页:图;24cm.-(品茶馆)
    读图时代
    
    ISBN 7-5019-5458-5:CNY48.00
    本书内容包括兼而用之的早期茶具、煮饮时代的唐代茶具、点茶时代的宋代茶具、过渡时期的元代茶具、散茶瀹泡与明清茶具和附录茶具图片欣赏。
相关链接 在五车中查询图书 在当当中查询图书 在豆瓣中查询图书


正题名:中国老茶具图鉴     索取号:K87/8         预约/预借

序号 登录号 条形码 馆藏地/架位号 状态 备注
1 325134   300325134   海科密-1楼/42架6列3层/ [索取号:K87/8] 在馆    
2 325135   300325135   海科密-1楼/42架6列3层/ [索取号:K87/8] 在馆    
3 325136   300325136   海科密-1楼/42架6列3层/ [索取号:K87/8] 在馆    
4 325137   300325137   海科密-1楼/42架6列3层/ [索取号:K87/8] 在馆    
5 325138   300325138   海科密-1楼/42架6列3层/ [索取号:K87/8] 在馆    
6 325139   300325139   海科密-1楼/42架6列3层/ [索取号:K87/8] 在馆    
7 325140   300325140   海科密-1楼/42架6列3层/ [索取号:K87/8] 在馆    
8 325141   300325141   海科密-1楼/42架6列3层/ [索取号:K87/8] 在馆    
9 325142   300325142   海科密-1楼/42架6列3层/ [索取号:K87/8] 在馆    
10 325143   300325143   海科密-1楼/42架6列3层/ [索取号:K87/8] 在馆